Managing human resources in Asia-Pacific / (Record no. 275595)
[ view plain ]
| 000 -LEADER | |
|---|---|
| fixed length control field | 02529cam a2200385 i 4500 |
| 001 - CONTROL NUMBER | |
| control field | 17545693 |
| 005 - DATE AND TIME OF LATEST TRANSACTION | |
| control field | 20140924145145.0 |
| 008 - FIXED-LENGTH DATA ELEMENTS--GENERAL INFORMATION | |
| fixed length control field | 121130s2014 nyua b 001 0 eng |
| 010 ## - LIBRARY OF CONGRESS CONTROL NUMBER | |
| LC control number | 2012043798 |
| 020 ## - INTERNATIONAL STANDARD BOOK NUMBER | |
| International Standard Book Number | 9780415898645 (hbk. : alk. paper) |
| 020 ## - INTERNATIONAL STANDARD BOOK NUMBER | |
| International Standard Book Number | 9780415898652 (pbk. : alk. paper) |
| 020 ## - INTERNATIONAL STANDARD BOOK NUMBER | |
| Cancelled/invalid ISBN | 9780203157053 (ebk.) |
| 040 ## - CATALOGING SOURCE | |
| Original cataloging agency | DLC |
| Language of cataloging | eng |
| Transcribing agency | DLC |
| Description conventions | rda |
| Modifying agency | DLC |
| 042 ## - AUTHENTICATION CODE | |
| Authentication code | pcc |
| 043 ## - GEOGRAPHIC AREA CODE | |
| Geographic area code | a------ |
| -- | p------ |
| 050 00 - LIBRARY OF CONGRESS CALL NUMBER | |
| Classification number | HF 5549.2.A75 |
| Item number | .M36 2014 |
| 082 00 - DEWEY DECIMAL CLASSIFICATION NUMBER | |
| Classification number | 658.30095 |
| 245 00 - TITLE STATEMENT | |
| Title | Managing human resources in Asia-Pacific / |
| Statement of responsibility, etc | edited by Arup Varma & Pawan S. Budhwar. |
| 250 ## - EDITION STATEMENT | |
| Edition statement | 2nd edition. |
| 260 ## - PUBLICATION, DISTRIBUTION, ETC. (IMPRINT) | |
| Place of publication, distribution, etc | New York : |
| Name of publisher, distributor, etc | Routledge, |
| Date of publication, distribution, etc | c2014. |
| 300 ## - PHYSICAL DESCRIPTION | |
| Extent | xx, 299 pages : |
| Other physical details | illustrations ; |
| Dimensions | 25 cm. |
| 490 0# - SERIES STATEMENT | |
| Series statement | Global human resource management ; |
| Volume number/sequential designation | 20 |
| 504 ## - BIBLIOGRAPHY, ETC. NOTE | |
| Bibliography, etc | Includes bibliographical references and index. |
| 505 0# - FORMATTED CONTENTS NOTE | |
| Formatted contents note | Figures -- Tables -- Contributors -- Preface -- Foreword / Randall S Schuler -- Managing human resources in Asia-Pacific : an introduction / Pawan S Budhwar and Arup Varma -- Human resource management in China / Fang Lee Cooke -- Human resource management in South Korea / Chris Rowley and Johngseok Bae -- Human resource management in Japan / Philippe DeBroux -- Human resource management in Hong Kong / Andrew Chan and Derek Man -- Human resource management in Taiwan / Wan-Jing April Chang -- Human resource management in India / Debi S Saini and Pawan S Budhwar -- Human resource management in Thailand / Sununta Siengthai -- Human resource management in Vietnam / Anne Cox -- Human resource management in Malaysia / Marlin Abdul Malek, Arup Varma and Pawan S Budhwar -- Human resource management in Singapore / Klaus Templer, David Wan and Naresh Khatri -- Human resource management in Australia / Marilyn Clark and Margaret Patrickson -- HRM in Fiji / Suwastika Naidu, RD Pathak and Anand Chand -- HRM in New Zealand / Ann Hutchison and Noelle Donnelly -- HRM challenges in the Asia-Pacific : agenda for future research and policy / Arup Varma and Pawan S Budhwar -- Index. |
| 521 ## - TARGET AUDIENCE NOTE | |
| Target audience note | Business Administration |
| 650 #0 - SUBJECT ADDED ENTRY--TOPICAL TERM | |
| Topical term or geographic name as entry element | Personnel management |
| Geographic subdivision | Asia. |
| 650 #0 - SUBJECT ADDED ENTRY--TOPICAL TERM | |
| Topical term or geographic name as entry element | Personnel management |
| Geographic subdivision | Pacific Area. |
| 650 #0 - SUBJECT ADDED ENTRY--TOPICAL TERM | |
| Topical term or geographic name as entry element | Human capital |
| Geographic subdivision | Asia |
| General subdivision | Management. |
| 650 #0 - SUBJECT ADDED ENTRY--TOPICAL TERM | |
| Topical term or geographic name as entry element | Human capital |
| Geographic subdivision | Pacific Area |
| General subdivision | Management. |
| 700 1# - ADDED ENTRY--PERSONAL NAME | |
| Personal name | Varma, Arup. |
| 700 1# - ADDED ENTRY--PERSONAL NAME | |
| Personal name | Budhwar, Pawan S. |
| 906 ## - LOCAL DATA ELEMENT F, LDF (RLIN) | |
| a | 7 |
| b | cbc |
| c | orignew |
| d | 1 |
| e | ecip |
| f | 20 |
| g | y-gencatlg |
| 942 ## - ADDED ENTRY ELEMENTS (KOHA) | |
| Source of classification or shelving scheme | Library of Congress Classification |
| Koha item type | Books |
| Call number prefix | Foreign |
| Withdrawn status | Lost status | Source of classification or shelving scheme | Damaged status | Home library | Current library | Shelving location | Date acquired | Source of acquisition | Cost, normal purchase price | Total Checkouts | Full call number | Barcode | Date last seen | Price effective from | Koha item type |
|---|---|---|---|---|---|---|---|---|---|---|---|---|---|---|---|
| Library of Congress Classification | College Library | College Library | Reserve Section | 09/24/2014 | Library Fund | 4200.00 | HF 5549.2.A75 .M36 2014 | C18630 | 05/15/2018 | 09/24/2014 | Books |